Využitie krivky ideálnej výkonnosti v podmienkach nového 4. piliera na Slovensku

Inovácie v oblasti kapitálového trhu v Slovenskej republike. Dve daňovo odvodové úľavy, Dlhodobé investičné sporenie a 1 ročný časový test ("4. pilier"). Analýza využitia týchto daňových úľav v podmienkach využitia tzv. krivky ideálnej výkonnosti.

Guardado en:
Detalles Bibliográficos
Autor principal: Virdzek, Tomáš
Otros Autores: Kubaška, Peter
Formato: Capítulo de libro
Lenguaje:eslovaco
Materias:
Etiquetas: Agregar Etiqueta
Sin Etiquetas, Sea el primero en etiquetar este registro!

MARC

LEADER 00000naa a2200000 4500
001 0258151
005 20190911091430.6
041 0 |a slo 
044 |a SK 
245 1 0 |a Využitie krivky ideálnej výkonnosti v podmienkach nového 4. piliera na Slovensku  |c Tomáš Virdzek, Peter Kubaška 
520 |a Inovácie v oblasti kapitálového trhu v Slovenskej republike. Dve daňovo odvodové úľavy, Dlhodobé investičné sporenie a 1 ročný časový test ("4. pilier"). Analýza využitia týchto daňových úľav v podmienkach využitia tzv. krivky ideálnej výkonnosti. 
610 2 0 |a Slovensko 
610 2 0 |a trh kapitálový 
610 2 0 |a inovácia 
610 2 0 |a úľavy daňové 
610 2 0 |a výkonnosť 
100 1 |a Virdzek, Tomáš 
700 1 |a Kubaška, Peter